Original sin : (Record no. 126957)

MARC details
000 -LEADER
campo de control de longitud fija 05777cam a2200565 i 4500
001 - NÚMERO DE CONTROL
campo de control 24132754
003 - IDENTIFICADOR DE NÚMERO DE CONTROL
campo de control DLC
005 - FECHA Y HORA DE LA ÚLTIMA TRANSACCIÓN
campo de control 20260429144245.0
007 - CAMPO FIJO DE DESCRIPCIÓN FÍSICA--INFORMACIÓN GENERAL
campo de control de longitud fija t
008 - DATOS DE LONGITUD FIJA--INFORMACIÓN GENERAL
campo de control de longitud fija 250331t20252025nyu b 001 0 eng d
010 ## - NÚMERO DE CONTROL DE LA BIBLIOTECA DEL CONGRESO
Número de control de LC 2025935114
020 ## - NÚMERO INTERNACIONAL ESTÁNDAR DEL LIBRO
Número Internacional Estándar del Libro 9798217060672
035 ## - NÚMERO DE CONTROL DEL SISTEMA
Número de control de sistema (OCoLC)on1503501568
040 ## - FUENTE DE CATALOGACIÓN
Centro catalogador/agencia de origen IG#
Lengua de catalogación eng
Normas de descripción rda
Centro/agencia transcriptor IG#
Centro/agencia modificador TP7
-- BDX
-- FLW
-- GO6
-- ZQP
-- OCLCO
-- IMT
-- ZNS
-- COO
-- CPP
-- CLE
-- IWA
-- ORE
-- OCLCA
-- TOH
-- MWD
-- YDX
-- DLC
-- DLC-MRC
-- DLC
041 ## - CÓDIGO DE IDIOMA
Código de lengua del texto/banda sonora o título independiente eng
042 ## - CÓDIGO DE AUTENTICACIÓN
Código de autenticación lccopycat
043 ## - CÓDIGO DE ÁREA GEOGRÁFICA
Código de área geográfica n-us---
Número de control del registro de autoridad o número normalizado http://id.loc.gov/vocabulary/geographicAreas/n-us
050 00 - SIGNATURA TOPOGRÁFICA DE LA BIBLIOTECA DEL CONGRESO
Número de clasificación E919
Número de ítem T175o 2025
082 04 - NÚMERO DE LA CLASIFICACIÓN DECIMAL DEWEY
Número de clasificación 324.973/0934
Número de edición 23/eng/20250609
082 04 - NÚMERO DE LA CLASIFICACIÓN DECIMAL DEWEY
Número de clasificación 973.934
Número de edición 23
100 1# - ENTRADA PRINCIPAL--NOMBRE DE PERSONA
Nombre de persona Tapper, Jake,
Fechas asociadas al nombre 1969-
Término indicativo de función/relación author
Relación aut
-- http://id.loc.gov/vocabulary/relators/aut
Número de control del registro de autoridad o número normalizado http://id.loc.gov/authorities/names/n99264429
URI de un objeto del mundo real http://id.loc.gov/rwo/agents/n99264429
9 (RLIN) 48210
245 10 - MENCIÓN DEL TÍTULO
Título Original sin :
Resto del título President Biden's decline, its cover-up, and his disastrous choice to run again /
Mención de responsabilidad, etc. Jake Tapper and Alex Thompson.
246 30 - FORMA VARIANTE DEL TITULO
Título propio/Titulo breve President Biden's decline, its cover-up, and his disastrous choice to run again
264 #1 - PRODUCCIÓN, PUBLICACIÓN, DISTRIBUCIÓN, FABRICACIÓN Y COPYRIGHT
Producción, publicación, distribución, fabricación y copyright New York :
Nombre del de productor, editor, distribuidor, fabricante Penguin Press,
Fecha de producción, publicación, distribución, fabricación o copyright [2025]
264 #4 - PRODUCCIÓN, PUBLICACIÓN, DISTRIBUCIÓN, FABRICACIÓN Y COPYRIGHT
Fecha de producción, publicación, distribución, fabricación o copyright ©2025
300 ## - DESCRIPCIÓN FÍSICA
Extensión xv, 332 pages ;
Dimensiones 24 cm
336 ## - TIPO DE CONTENIDO
Término de tipo de contenido text
Código de tipo de contenido txt
Fuente rdacontent
Número de control del registro de autoridad o número normalizado http://id.loc.gov/vocabulary/contentTypes/txt
337 ## - TIPO DE MEDIO
Nombre/término del tipo de medio unmediated
Código del tipo de medio n
Fuente rdamedia
Número de control del registro de autoridad o número normalizado http://id.loc.gov/vocabulary/mediaTypes/n
338 ## - TIPO DE SOPORTE
Nombre/término del tipo de soporte volume
Código del tipo de soporte nc
Fuente rdacarrier
Número de control del registro de autoridad o número normalizado http://id.loc.gov/vocabulary/carriers/nc
504 ## - NOTA DE BIBLIOGRAFÍA, ETC.
Nota de bibliografía, etc. Includes bibliographical references and index.
505 0# - NOTA DE CONTENIDO CON FORMATO
Nota de contenido con formato Author's note -- "He totally fucked us" -- "Get up!" -- The politburo -- The Bidenness -- "I, Joseph Robinette Biden Jr., do solemnly swear" -- "The most privileged nursing home in the country" -- "Who else is going to do this?" -- Dr. Biden -- "Are we sure this is a good idea?" -- Dean Phillips -- 2024 -- D-Day -- The verdict -- The debate -- The world reacts -- The bad times -- Joy -- Out the door -- Conclusions.
520 ## - RESUMEN, ETC.
Sumario, etc. "[A]n unflinching and explosive reckoning with one of the most fateful decisions in American political history: Joe Biden's run for reelection despite evidence of his serious decline -- amid desperate efforts to hide the extent of that deterioration. In Greek tragedy, the protagonist's effort to avoid his fate is what seals his fate. In 2024, American politics became a Greek tragedy. Joe Biden launched his successful 2020 bid for the White House with the stated goal of saving the nation from a second Trump presidential term. He, his family, and his senior aides were so convinced that only he could beat Trump again, they lied to themselves, allies, and the public about his condition and limitations. At his debate with Trump on June 27, 2024, the consequences of that deception were exposed to the world. It was shocking and upsetting. Now the full, unsettling truth is being told for the first time. Jake Tapper and Alex Thompson take us behind closed doors and into private conversations between the heaviest of hitters, revealing how big the problem was and how many people knew about it. From White House staffers at the highest to lowest levels, to leaders of Congress and the Cabinet, from governors to donors and Hollywood players, the truth is finally being told. What you will learn makes President Biden's decision to run for reelection seem shockingly narcissistic, self-delusional, and reckless--a desperate bet that went bust -- and part of a larger act of extended public deception that has few precedents. The story the authors tell raises fundamental issues of accountability and responsibility that will continue for decades. The irony is biting: In the name of defeating what they called an existential threat to democracy, Biden and his inner circle ensured it, tossing aside his implicit promise to serve for only one term, denying the existence of health issues the nation had been watching for years, dooming the Democrats to defeat. The decision to run again, the Original Sin of this president, led to a campaign of denial and gaslighting, leading directly to Donald Trump's return to power and all that has happened as a consequence. Rarely does hubris meet nemesis more explosively. Wherever you stand on the political spectrum, Original Sin is essential reading" -- Provided by publisher.
650 #0 - PUNTO DE ACCESO ADICIONAL DE MATERIA--TÉRMINO DE MATERIA
Término de materia o nombre geográfico como elemento de entrada Biden, Joseph R., Jr
650 #0 - PUNTO DE ACCESO ADICIONAL DE MATERIA--TÉRMINO DE MATERIA
Término de materia o nombre geográfico como elemento de entrada Presidents
Subdivisión geográfica United States
Subdivisión general Health
Número de control del registro de autoridad o número normalizado http://id.loc.gov/authorities/subjects/sh85106477
650 #0 - PUNTO DE ACCESO ADICIONAL DE MATERIA--TÉRMINO DE MATERIA
Término de materia o nombre geográfico como elemento de entrada Presidents
Subdivisión geográfica United States
Subdivisión general Election
Subdivisión cronológica 2024
650 #7 - PUNTO DE ACCESO ADICIONAL DE MATERIA--TÉRMINO DE MATERIA
Término de materia o nombre geográfico como elemento de entrada Presidents
Subdivisión geográfica United States
Subdivisión de forma Biography
Fuente del encabezamiento o término sears
650 #7 - PUNTO DE ACCESO ADICIONAL DE MATERIA--TÉRMINO DE MATERIA
Término de materia o nombre geográfico como elemento de entrada Presidents
Subdivisión geográfica United States
Subdivisión general Election
Fuente del encabezamiento o término sears
651 #0 - PUNTO DE ACCESO ADICIONAL DE MATERIA--NOMBRE GEOGRÁFICO
Nombre geográfico United States
Subdivisión general Politics and government
Subdivisión cronológica 2021-
Número de control del registro de autoridad o número normalizado http://id.loc.gov/authorities/subjects/sh2021001248
651 #6 - PUNTO DE ACCESO ADICIONAL DE MATERIA--NOMBRE GEOGRÁFICO
Nombre geográfico États-Unis
Subdivisión general Politique et gouvernement
Subdivisión cronológica 2021-
700 1# - ENTRADA AGREGADA--NOMBRE PERSONAL
Nombre de persona Thompson, Alex,
Fechas asociadas al nombre 1995-
Títulos y otros términos asociados al nombre (Political correspondent)
Término indicativo de función/relación author
Relación http://id.loc.gov/vocabulary/relators/aut
Número de control del registro de autoridad o número normalizado http://id.loc.gov/authorities/names/no2025062793
URI de un objeto del mundo real http://id.loc.gov/rwo/agents/no2025062793
9 (RLIN) 48211
758 ## - IDENTIFICADOR DEL RECURSO
URI de un objeto del mundo real http://id.loc.gov/resources/instances/24132754
758 ## - IDENTIFICADOR DEL RECURSO
Relación http://id.loc.gov/ontologies/bibframe/instanceOf
URI de un objeto del mundo real http://id.loc.gov/resources/works/24132754
884 ## - Información sobre la conversión de la descripción
Proceso de conversión DLC bibframe2marc v2.10-dev
Fecha de conversión 20250701
Agencia que convierte los datos DLC
Identificador Uniforme de Recursos https://github.com/lcnetdev/bibframe2marc/releases/tag/v2.10-dev
906 ## - ELEMENTOS DE DATOS F LOCAL, LDF (RLIN)
a 0
b ibc
c copycat
d 2
e ncip
f 20
g y-gencatlg
942 ## - ELEMENTOS DE ENTRADA SECUNDARIOS (KOHA)
Fuente del sistema de clasificación o colocación Clasificación de Library of Congress
Suprimir en OPAC No
Tipo de ítem Koha Libro
946 ## - PROCESAMIENTO DE INFORMACIÓN LOCAL (OCLC)
Iniciales del agente catalogador rmza
Holdings
Estatus retirado Estado de pérdida Fuente del sistema de clasificación o colocación Estado de daño No para préstamo Colección Biblioteca de origen Biblioteca actual Ubicación en estantería Fecha de adquisición Signatura topográfica completa Código de barras Visto por última vez Copia número Tipo de ítem Koha
    Clasificación de Library of Congress     Automatización y Procesos Técnicos Biblioteca Juan Bosch Biblioteca Juan Bosch Automatización y Procesos Técnicos (1er. Piso) 29/04/2026 E919 T175o 2025 00000183855 29/04/2026 1 Libro